| 000 | 01124nam a2200265 a 4500 | ||
|---|---|---|---|
| 001 | BRCA_1035 | ||
| 005 | 20190320203242.0 | ||
| 008 | 071112s2006 mx-a---##b---s000-0#spa-d | ||
| 020 | _a970679171X | ||
| 050 | 4 |
_aN910.M50 _b.M87 2006 |
|
| 245 | 1 | 0 |
_aMuseo de Arte Colonial de Morelia _ccoordinadoras Carmen Alicia Dávila, Nelly Sigaut ; autores Eduwiges Casillas Hernández ... [et al.]. |
| 260 |
_aZamora, Michoacán _bEl Colegio de Michoacán : Secretaría de Cultura del Estado de Michoacán _c2006 |
||
| 300 |
_a171 p. _bil. (algunas a color) _c21 cm. |
||
| 500 | _aIncluye índice de ilustraciones | ||
| 500 | _a2do. ejemplar en el Área de Investigación | ||
| 504 | _aBibliografía: p. 156-161 | ||
| 610 | 2 | 4 |
_aMuseo de Arte Colonial de Morelia (Michoacán, México) _vCatálogos _93410 |
| 650 | 1 | 4 |
_aPintura mexicana _vCatálogos _93411 |
| 650 | 1 | 4 |
_aPintura colonial _vCatálogos _zMéxico _93412 |
| 650 | 1 | 4 |
_aPintura _vCatálogos _zMichoacán - México _93413 |
| 700 | 1 |
_aDávila Munguía, Carmen Alicia _93414 |
|
| 700 | 1 |
_aSigaut, Nelly _93415 |
|
| 700 | 1 |
_aCasillas Hernández, Eduwiges _93416 |
|
| 942 |
_2lcc _cB |
||
| 999 |
_c914 _d914 |
||